[Event "Madrid-ch Previa A 2014-2015"]
[Site "Madrid ESP"]
[Date "2015.02.03"]
[Round "2.19"]
[White "Gonzalez Recas, Fernando"]
[Black "Ramos Antona, Enrique"]
[Result "1-0"]
[WhiteElo "1776"]
[BlackElo "1630"]
[PlyCount "127"]
[EventDate "2015.02.02"]
[EventType "swiss"]
[EventRounds "9"]
[EventCountry "ESP"]
[Source "lmi"]
[SourceDate "2015.02.02"]

1. e4 d6 2. d4 Nf6 3. Nc3 g6 4. f4 Bg7 5. Nf3 c5 6. dxc5 dxc5 7. Qxd8+ Kxd8 8.
Be3 b6 9. Ng5 Rf8 10. O-O-O+ Nbd7 11. Bc4 e6 12. h3 Ke7 13. e5 Ne8 14. Nxh7 Rh8
15. Ng5 Nxe5 16. fxe5 Bxe5 17. Rhf1 Nd6 18. Be2 f5 19. Bf4 Bxf4+ 20. Rxf4 Bb7
21. Bf3 Bxf3 22. Rxf3 Rad8 23. Re3 Kf6 24. Nf3 Nc4 25. Red3 Rxd3 26. Rxd3 Rh7
27. b3 Ne5 28. Nxe5 Kxe5 29. Kd2 g5 30. Re3+ Kf6 31. a4 a6 32. Ke2 Rd7 33. g4
Rd6 34. Nb1 Rd4 35. c3 Rd6 36. Nd2 b5 37. Nf3 Rd5 38. axb5 axb5 39. c4 bxc4 40.
bxc4 Rd6 41. gxf5 exf5 42. Re8 g4 43. Rf8+ Ke7 44. Rxf5 gxf3+ 45. Kxf3 Rd3+ 46.
Kg4 Rd4+ 47. Rf4 Rd1 48. Kg5 Rg1+ 49. Rg4 Rh1 50. h4 Kf7 51. Kf5 Rf1+ 52. Ke5
Rd1 53. h5 Rh1 54. Rg5 Rd1 55. h6 Rh1 56. Kd5 Rxh6 57. Kxc5 Ke7 58. Rd5 Re6 59.
Kb5 Rd6 60. Rxd6 Kxd6 61. Kb6 Kd7 62. c5 Kc8 63. Kc6 Kb8 64. Kd7 1-0

[Event "Madrid-ch Previa A 2014-2015"]
[Site "Madrid ESP"]
[Date "2015.02.03"]
[Round "2.20"]
[White "Baeza Escudero, Javier"]
[Black "Garcia Carbonell, Francisco"]
[Result "1-0"]
[WhiteElo "1922"]
[BlackElo "1658"]
[PlyCount "45"]
[EventDate "2015.02.02"]
[EventType "swiss"]
[EventRounds "9"]
[EventCountry "ESP"]
[Source "lmi"]
[SourceDate "2015.02.02"]

1. e4 d5 2. exd5 Nf6 3. Bb5+ Bd7 4. Bc4 b5 5. Bb3 a5 6. a3 Na6 7. d4 b4 8. Nf3
Bg4 9. c4 e6 10. Ba4+ Nd7 11. Bc6 exd5 12. Bxa8 Qxa8 13. O-O dxc4 14. Re1+ Be7
15. Qe2 Be6 16. Bg5 Qd5 17. Bxe7 Kxe7 18. axb4 Nxb4 19. Nc3 Qf5 20. Qxc4 c6 21.
Rad1 Kd6 22. Qe2 Nc2 23. Ne4+ 1-0

[Event "Madrid-ch Previa A 2014-2015"]
[Site "Madrid ESP"]
[Date "2015.02.03"]
[Round "2.21"]
[White "Hernandez Gutierrez, Jose"]
[Black "Dominguez Afonso, Ayraldo"]
[Result "0-1"]
[WhiteElo "1848"]
[BlackElo "1574"]
[PlyCount "57"]
[EventDate "2015.02.02"]
[EventType "swiss"]
[EventRounds "9"]
[EventCountry "ESP"]
[Source "lmi"]
[SourceDate "2015.02.02"]

1. d4 e6 2. c4 d5 3. Nf3 Nf6 4. g3 c6 5. Bg2 Nbd7 6. b3 g6 7. O-O Bg7 8. Ba3
Ne4 9. Qc2 f5 10. e3 b6 11. cxd5 cxd5 12. Qc6 Kf7 13. Qxa8 Qc7 14. Rc1 Ndc5 15.
dxc5 bxc5 16. Nd4 Bd7 17. Qxh8 Bxh8 18. Bxe4 fxe4 19. Rxc5 Qe5 20. Nc3 Qh5 21.
Rc7 Ke8 22. Nc2 Bxc3 23. Rxc3 e5 24. Ne1 d4 25. exd4 exd4 26. Rc4 Qd5 27. Rc5
Qe6 28. Bb2 Qd6 29. Re5+ 0-1

[Event "Madrid-ch Previa A 2014-2015"]
[Site "Madrid ESP"]
[Date "2015.02.03"]
[Round "2.23"]
[White "Jaumandreu Llopis, Antonio"]
[Black "Canseco Arenas, Alfonso"]
[Result "0-1"]
[WhiteElo "1566"]
[BlackElo "1733"]
[PlyCount "44"]
[EventDate "2015.02.02"]
[EventType "swiss"]
[EventRounds "9"]
[EventCountry "ESP"]
[Source "lmi"]
[SourceDate "2015.02.02"]

1. e4 c5 2. d4 cxd4 3. c3 dxc3 4. Nxc3 g6 5. Nf3 Bg7 6. Bc4 e6 7. Nb5 d5 8.
exd5 exd5 9. O-O dxc4 10. Nd6+ Kf8 11. Re1 Be6 12. Ng5 Qd7 13. Bd2 Nc6 14.
Ndxf7 Bf5 15. Bf4 Nf6 16. Nxh8 Bxh8 17. Nxh7+ Nxh7 18. Qe2 Bd3 19. Qf3 Kg8 20.
Qg3 Nf6 21. Rad1 Qf5 22. Qe3 Nd5 0-1

[Event "Madrid-ch Previa A 2014-2015"]
[Site "Madrid ESP"]
[Date "2015.02.03"]
[Round "2.24"]
[White "Benitez Cadenas, Luis Miguel"]
[Black "Greppi Gonzalez, Jose Luis"]
[Result "1-0"]
[WhiteElo "1703"]
[BlackElo "1546"]
[PlyCount "85"]
[EventDate "2015.02.02"]
[EventType "swiss"]
[EventRounds "9"]
[EventCountry "ESP"]
[Source "lmi"]
[SourceDate "2015.02.02"]

1. d4 d5 2. Nf3 h6 3. g3 Nc6 4. Bg2 f6 5. Bf4 Bf5 6. a3 e6 7. Nbd2 g5 8. Be3
Bd6 9. c4 dxc4 10. Nxc4 Be4 11. Qb3 Rb8 12. Ncd2 Bd5 13. Qd3 Qd7 14. Nb1 Qh7
15. Qd1 Nge7 16. Nc3 Kf7 17. Nxd5 Nxd5 18. Bd2 g4 19. Nh4 Nxd4 20. O-O c6 21.
e3 Nf5 22. Qxg4 Nxh4 23. Qxh4 Ne7 24. Bc3 Qg6 25. Rfd1 Rbd8 26. Be4 Qg5 27. Qh3
Bc7 28. f4 Qg7 29. Rf1 h5 30. Kh1 Qg4 31. Qg2 Nd5 32. Bf3 Qg7 33. Bd4 b6 34. b4
h4 35. g4 Nxf4 36. Qb2 e5 37. Bc3 Nd5 38. Qb3 Ke7 39. Bb2 Qg5 40. Rae1 b5 41.
Bc1 Rhf8 42. Qc2 Kd7 43. Rd1 1-0

[Event "Madrid-ch Previa A 2014-2015"]
[Site "Madrid ESP"]
[Date "2015.02.03"]
[Round "2.25"]
[White "Franco Rincon, David"]
[Black "Torres Alvarez, Augusto"]
[Result "1-0"]
[WhiteElo "1697"]
[BlackElo "1505"]
[PlyCount "55"]
[EventDate "2015.02.02"]
[EventType "swiss"]
[EventRounds "9"]
[EventCountry "ESP"]
[Source "lmi"]
[SourceDate "2015.02.02"]

1. b4 e6 2. Bb2 b6 3. e3 d5 4. Nf3 Nd7 5. c4 Bb7 6. Be2 Ngf6 7. a3 c5 8. Qa4
Qc7 9. d3 Bc6 10. Qb3 Rb8 11. O-O Bd6 12. h3 O-O 13. Nbd2 Rfe8 14. Rfe1 e5 15.
cxd5 Bxd5 16. Qc2 Rbc8 17. Rec1 Qb7 18. bxc5 Bxc5 19. Qa4 e4 20. dxe4 Nxe4 21.
Ba6 Qc7 22. Bxc8 Qxc8 23. Qd1 Qb7 24. Ne1 Nxf2 25. Kxf2 Bxe3+ 26. Kf1 Qa6+ 27.
Qe2 b5 28. Bd4 1-0

[Event "Madrid-ch Previa A 2014-2015"]
[Site "Madrid ESP"]
[Date "2015.02.03"]
[Round "2.26"]
[White "Montejano Siguero, Sonia"]
[Black "Clemares Marquerie, David"]
[Result "0-1"]
[WhiteElo "1521"]
[BlackElo "1693"]
[PlyCount "76"]
[EventDate "2015.02.02"]
[EventType "swiss"]
[EventRounds "9"]
[EventCountry "ESP"]
[Source "lmi"]
[SourceDate "2015.02.02"]

1. d4 Nf6 2. c4 g6 3. Nf3 Bg7 4. Nc3 d6 5. Bg5 O-O 6. e3 h6 7. Bh4 Nbd7 8. Be2
e5 9. dxe5 Nxe5 10. Nxe5 dxe5 11. O-O Be6 12. Qxd8 Rfxd8 13. Bg3 Nd7 14. e4 Nb6
15. b3 c6 16. Rac1 f5 17. exf5 gxf5 18. h3 a5 19. Bh5 Bf6 20. Rfe1 Bg5 21. Rcd1
Rxd1 22. Rxd1 f4 23. Bh2 Bf5 24. g4 Bc2 25. Re1 Bf6 26. Ne4 Bxe4 27. Rxe4 a4
28. Bxf4 exf4 29. Rxf4 axb3 30. axb3 Ra1+ 31. Kg2 Kg7 32. c5 Nd5 33. Ra4 Rb1
34. Ra7 Rxb3 35. Be8 Be7 36. Bd7 Bxc5 37. Bxc6 Nf4+ 38. Kh1 Bxa7 0-1

[Event "Madrid-ch Previa A 2014-2015"]
[Site "Madrid ESP"]
[Date "2015.02.03"]
[Round "2.27"]
[White "Rufo Yebra, Benito"]
[Black "Jimenez Jimenez, Darfo"]
[Result "0-1"]
[WhiteElo "1484"]
[BlackElo "1668"]
[PlyCount "76"]
[EventDate "2015.02.02"]
[EventType "swiss"]
[EventRounds "9"]
[EventCountry "ESP"]
[Source "lmi"]
[SourceDate "2015.02.02"]

1. d4 g6 2. c3 Bg7 3. Be3 d6 4. g3 Nd7 5. Bg2 e5 6. d5 f5 7. Qd2 Nb6 8. Na3 Nf6
9. Bh6 Bxh6 10. Qxh6 Nbxd5 11. Bxd5 Nxd5 12. Qg7 Qf6 13. Qxf6 Nxf6 14. O-O-O a6
15. f3 Be6 16. Kb1 Ke7 17. Nh3 h6 18. Nf2 Rhe8 19. h4 c5 20. e4 fxe4 21. Nxe4
Nxe4 22. fxe4 Rf8 23. Rdf1 Rxf1+ 24. Rxf1 Rf8 25. Rg1 Rf2 26. g4 Re2 27. g5 h5
28. Rf1 Rxe4 29. Rh1 Bf5 30. Kc1 Ke6 31. c4 Re2 32. Rd1 Rh2 33. Rd2 Rxh4 34.
Rf2 Rg4 35. Nc2 Rxc4 36. b3 Rxc2+ 37. Rxc2 Bxc2 38. Kxc2 Kf5 0-1

[Event "Madrid-ch Previa A 2014-2015"]
[Site "Madrid ESP"]
[Date "2015.02.03"]
[Round "2.28"]
[White "Lucia Carpintero, Oscar"]
[Black "Suarez Mencia, Roberto"]
[Result "1-0"]
[WhiteElo "1661"]
[BlackElo "1489"]
[PlyCount "67"]
[EventDate "2015.02.02"]
[EventType "swiss"]
[EventRounds "9"]
[EventCountry "ESP"]
[Source "lmi"]
[SourceDate "2015.02.02"]

1. d4 Nf6 2. Bg5 d6 3. Bxf6 exf6 4. e3 Nd7 5. g3 f5 6. Bg2 Nf6 7. Ne2 Be7 8. c4
c6 9. Nbc3 Bd7 10. O-O a6 11. b4 h5 12. a4 h4 13. b5 a5 14. bxc6 bxc6 15. Rb1
hxg3 16. hxg3 Ng4 17. Qb3 Rc8 18. Qb6 Rc7 19. Qxa5 Bh4 20. Rb6 Bxg3 21. Nxg3
Qh4 22. Rfb1 Qh2+ 23. Kf1 Nxe3+ 24. Ke2 f4 25. Rb8+ Rc8 26. Rxc8+ Bxc8 27.
Bxc6+ Ke7 28. Qg5+ f6 29. Qxg7+ Kd8 30. Rb8 Qh3 31. Bb7 Qg4+ 32. Qxg4 Nxg4 33.
Rxc8+ Kd7 34. Rxh8 1-0

[Event "Madrid-ch Previa A 2014-2015"]
[Site "Madrid ESP"]
[Date "2015.02.04"]
[Round "3.1"]
[White "Fernandez Aransay, Fernando"]
[Black "Martos De La Vega, Alvar"]
[Result "1/2-1/2"]
[WhiteElo "1869"]
[BlackElo "1933"]
[PlyCount "71"]
[EventDate "2015.02.02"]
[EventType "swiss"]
[EventRounds "9"]
[EventCountry "ESP"]
[Source "lmi"]
[SourceDate "2015.02.02"]

1. e4 c5 2. Nf3 d6 3. d4 cxd4 4. Nxd4 Nf6 5. Nc3 a6 6. Bc4 e6 7. Bb3 b5 8. a3
Be7 9. O-O O-O 10. f4 Bb7 11. Qf3 Nbd7 12. f5 e5 13. Nde2 Nb6 14. Bg5 Nc4 15.
Bxc4 bxc4 16. Bxf6 Bxf6 17. Ng3 Bg5 18. Rfd1 Qb6+ 19. Kh1 Rad8 20. Rab1 Rd7 21.
Nd5 Bxd5 22. Rxd5 Rc8 23. Ne2 f6 24. Rdd1 Be3 25. Nc3 Bc5 26. Nd5 Qb5 27. Qc3
Rb7 28. g4 Bd4 29. Qg3 c3 30. b3 Qe2 31. Qg2 Qxg2+ 32. Kxg2 Kf7 33. Kg3 Rbb8
34. Rd3 a5 35. a4 Rc6 36. h3 1/2-1/2

[Event "Madrid-ch Previa A 2014-2015"]
[Site "Madrid ESP"]
[Date "2015.02.04"]
[Round "3.2"]
[White "Perea Blanco, David"]
[Black "Saber, Salah"]
[Result "1/2-1/2"]
[WhiteElo "1876"]
[BlackElo "1866"]
[PlyCount "163"]
[EventDate "2015.02.02"]
[EventType "swiss"]
[EventRounds "9"]
[EventCountry "ESP"]
[Source "lmi"]
[SourceDate "2015.02.02"]

1. d4 d5 2. Nf3 Nf6 3. g3 Bg4 4. Ne5 Be6 5. Bg2 Nbd7 6. c4 c6 7. O-O dxc4 8.
Qc2 Nb6 9. e3 Rc8 10. Na3 g6 11. Bd2 Bg7 12. Ba5 Nfd7 13. Rad1 Qc7 14. Naxc4
Nxe5 15. Nxe5 O-O 16. f4 f6 17. Nd3 Qb8 18. Bxb6 axb6 19. e4 Rcd8 20. Nf2 Bf7
21. g4 Qxf4 22. h3 e6 23. Rd3 Rd7 24. Nd1 Qg5 25. Ne3 Rfd8 26. Rfd1 f5 27. e5
fxg4 28. Nxg4 h5 29. Nh2 Qh6 30. Be4 g5 31. Nf3 Bg6 32. R3d2 Kh7 33. Rg2 g4 34.
Bxg6+ Qxg6 35. Ng5+ Kh6 36. Qxg6+ Kxg6 37. Nxe6 Ra8 38. Nxg7 Kxg7 39. hxg4 hxg4
40. Rxg4+ Kf7 41. a3 Ke6 42. Kf2 Kd5 43. Ke3 Rh8 44. Rf1 Rh2 45. Rf2 Rh3+ 46.
Rf3 Rh2 47. Rf2 Rh3+ 48. Kd2 Kc4 49. Rff4 Rh2+ 50. Kc1 Kd3 51. Rg3+ Kc4 52.
Rc3+ Kd5 53. b3 Rg7 54. Rc2 Rh1+ 55. Kb2 Rgg1 56. Re2 Rb1+ 57. Kc2 Rhc1+ 58.
Kd2 Rb2+ 59. Kxc1 Rxe2 60. Rf7 Kxd4 61. Rxb7 b5 62. a4 bxa4 63. bxa4 Rxe5 64.
Kb2 Kc4 65. Rb3 Re2+ 66. Ka3 c5 67. Rh3 Re8 68. Rh4+ Kc3 69. Rh3+ Kc2 70. Rh2+
Kc3 71. Rh3+ Kd4 72. Rh4+ Kd5 73. Rh5+ Kd6 74. Rh6+ Kc7 75. Kb3 Re4 76. a5 Rb4+
77. Kc3 Ra4 78. Ra6 Kb7 79. Rb6+ Kc7 80. Ra6 Kb7 81. Rb6+ Ka7 82. Rb5 1/2-1/2

[Event "Madrid-ch Previa A 2014-2015"]
[Site "Madrid ESP"]
[Date "2015.02.04"]
[Round "3.3"]
[White "Perez Cameselle, Francisco"]
[Black "Camarero Izquierdo, Juan Carlo"]
[Result "0-1"]
[WhiteElo "1849"]
[BlackElo "1875"]
[PlyCount "70"]
[EventDate "2015.02.02"]
[EventType "swiss"]
[EventRounds "9"]
[EventCountry "ESP"]
[Source "lmi"]
[SourceDate "2015.02.02"]

1. d4 f5 2. c4 e6 3. g3 Nf6 4. Nc3 Bb4 5. Bg2 O-O 6. Qc2 d6 7. a3 Bxc3+ 8. Qxc3
Nbd7 9. Nf3 Ne4 10. Qc2 Ndf6 11. O-O Qe8 12. Bf4 Ng4 13. h3 e5 14. dxe5 dxe5
15. Bd2 Ngf6 16. Bc3 Nxc3 17. Qxc3 e4 18. Ne5 Qh5 19. f3 Re8 20. g4 fxg4 21.
Nxg4 Qc5+ 22. Kh1 Nh5 23. fxe4 Bxg4 24. hxg4 Nf6 25. Rf5 Qe7 26. e5 Nxg4 27.
Qg3 Nxe5 28. Bxb7 Rad8 29. Bd5+ Kh8 30. Raf1 c6 31. Bf7 Nxf7 32. Rxf7 Qe4+ 33.
Qf3 Qh4+ 34. Kg2 h6 35. Rxa7 Re5 0-1

[Event "Madrid-ch Previa A 2014-2015"]
[Site "Madrid ESP"]
[Date "2015.02.04"]
[Round "3.4"]
[White "Corral Aragon, Juan Maria"]
[Black "Pana, Dorin"]
[Result "1-0"]
[WhiteElo "1809"]
[BlackElo "1943"]
[PlyCount "101"]
[EventDate "2015.02.02"]
[EventType "swiss"]
[EventRounds "9"]
[EventCountry "ESP"]
[Source "lmi"]
[SourceDate "2015.02.02"]

1. e4 c5 2. Nf3 d6 3. d4 cxd4 4. Nxd4 Nf6 5. Nc3 a6 6. Bg5 e6 7. f4 Be7 8. Qf3
Qc7 9. O-O-O b5 10. Bxf6 Bxf6 11. Bxb5+ Nd7 12. Bxd7+ Qxd7 13. e5 dxe5 14. Ndb5
Bb7 15. Qxb7 Qxb7 16. Nd6+ Ke7 17. Nxb7 exf4 18. Ne4 Rab8 19. Nxf6 Rxb7 20. Ne4
Rhb8 21. b3 a5 22. a4 Rc7 23. Kb2 f5 24. Nd6 Rb6 25. Nb5 Rc5 26. c4 g5 27. Rd4
Re5 28. Rhd1 h5 29. R1d2 Kf6 30. Rd6 Rxd6 31. Nxd6 g4 32. Nb7 h4 33. c5 h3 34.
gxh3 f3 35. Kc2 Re4 36. c6 Rf4 37. Rf2 Ke7 38. c7 Kd7 39. Nc5+ Kc8 40. Nxe6 Re4
41. hxg4 Rxe6 42. gxf5 Re5 43. Rxf3 Re2+ 44. Kc3 Rxh2 45. f6 Rh8 46. f7 Rf8 47.
Kc4 Kxc7 48. Kb5 Kd6 49. Kxa5 Ke7 50. Kb6 Rb8+ 51. Kc7 1-0

[Event "Madrid-ch Previa A 2014-2015"]
[Site "Madrid ESP"]
[Date "2015.02.04"]
[Round "3.5"]
[White "Camacho Casado, Demetrio"]
[Black "Lopez Peral, Enrique"]
[Result "1/2-1/2"]
[WhiteElo "1933"]
[BlackElo "1837"]
[PlyCount "44"]
[EventDate "2015.02.02"]
[EventType "swiss"]
[EventRounds "9"]
[EventCountry "ESP"]
[Source "lmi"]
[SourceDate "2015.02.02"]

1. d4 d5 2. Nf3 Nf6 3. Bf4 e6 4. h3 Bb4+ 5. c3 Bd6 6. Bxd6 cxd6 7. e3 Bd7 8. c4
dxc4 9. Bxc4 Qb6 10. Qb3 Qxb3 11. Bxb3 Nc6 12. Nc3 Na5 13. Nd2 Nxb3 14. axb3
Ke7 15. O-O Rhc8 16. Ra5 a6 17. Rfa1 Rc7 18. Nc4 Bc6 19. Nb6 Rb8 20. f3 d5 21.
Rc5 Kd6 22. b4 Nd7 1/2-1/2

[Event "Madrid-ch Previa A 2014-2015"]
[Site "Madrid ESP"]
[Date "2015.02.04"]
[Round "3.6"]
[White "Hernandez Garcia, Carlos"]
[Black "Rueda Maria, Ramiro"]
[Result "0-1"]
[WhiteElo "1838"]
[BlackElo "1905"]
[PlyCount "88"]
[EventDate "2015.02.02"]
[EventType "swiss"]
[EventRounds "9"]
[EventCountry "ESP"]
[Source "lmi"]
[SourceDate "2015.02.02"]

1. e4 e5 2. Nf3 Nf6 3. Nc3 Bb4 4. Bc4 d6 5. O-O O-O 6. Nd5 Nxd5 7. Bxd5 c6 8.
Bb3 Bg4 9. c3 Ba5 10. d3 Qf6 11. h3 Bxf3 12. gxf3 Nd7 13. Kh2 Nc5 14. Rg1 Nxb3
15. axb3 Bb6 16. Bg5 Qe6 17. Qd2 Kh8 18. f4 f5 19. exf5 Rxf5 20. Rg4 Raf8 21.
d4 exf4 22. Re1 Qd5 23. Bxf4 Qf7 24. Bg3 d5 25. Re2 Bd8 26. Re5 Rf3 27. Qc2 Bc7
28. Re2 Bxg3+ 29. Rxg3 Rxf2+ 30. Rxf2 Qxf2+ 31. Qxf2 Rxf2+ 32. Rg2 Rxg2+ 33.
Kxg2 g5 34. h4 h6 35. Kh3 Kg7 36. hxg5 hxg5 37. Kg4 Kf6 38. Kg3 Kf5 39. Kf3 g4+
40. Kg3 a5 41. c4 b5 42. cxb5 cxb5 43. b4 a4 44. Kg2 Ke4 0-1

[Event "Madrid-ch Previa A 2014-2015"]
[Site "Madrid ESP"]
[Date "2015.02.04"]
[Round "3.7"]
[White "Santamaria Baeza, Adolfo"]
[Black "Roldan Garcia, Angel"]
[Result "1-0"]
[WhiteElo "1892"]
[BlackElo "1824"]
[PlyCount "53"]
[EventDate "2015.02.02"]
[EventType "swiss"]
[EventRounds "9"]
[EventCountry "ESP"]
[Source "lmi"]
[SourceDate "2015.02.02"]

1. e4 c5 2. Nf3 e6 3. d4 cxd4 4. Nxd4 Nc6 5. Nc3 Qc7 6. Be3 a6 7. Bd3 b5 8. O-O
Bb7 9. Nb3 Nf6 10. f4 d6 11. Qe1 Ng4 12. Bd2 Nb4 13. Qg3 Nxd3 14. cxd3 Qb6+ 15.
Kh1 h5 16. h3 Be7 17. d4 Nf6 18. d5 Ng4 19. Rae1 O-O-O 20. Ne2 b4 21. Ned4 e5
22. Rc1+ Kb8 23. Nc6+ Bxc6 24. Rxc6 Qa7 25. Bxb4 Rc8 26. Na5 Qd4 27. Qb3 1-0

[Event "Madrid-ch Previa A 2014-2015"]
[Site "Madrid ESP"]
[Date "2015.02.04"]
[Round "3.8"]
[White "Fernandez Garcia, Ignacio"]
[Black "Cano Mercado, Francisco Manuel"]
[Result "1/2-1/2"]
[WhiteElo "1836"]
[BlackElo "1886"]
[PlyCount "60"]
[EventDate "2015.02.02"]
[EventType "swiss"]
[EventRounds "9"]
[EventCountry "ESP"]
[Source "lmi"]
[SourceDate "2015.02.02"]

1. e4 e6 2. d4 d5 3. Nd2 dxe4 4. Nxe4 Nf6 5. Bd3 Be7 6. Nf3 Nbd7 7. Ng3 c5 8.
c3 Qb6 9. O-O cxd4 10. Nxd4 Nd5 11. Qe2 Nc5 12. Bb1 Bf6 13. Re1 Qa6 14. Qxa6
bxa6 15. Nde2 O-O 16. Ne4 Nxe4 17. Bxe4 Rb8 18. Bxd5 exd5 19. Nf4 Bb7 20. Nd3
d4 21. cxd4 Bxd4 22. Bf4 Rbc8 23. Re2 Bd5 24. Rd2 Bc4 25. Ne1 Bf6 26. h3 Rfd8
27. Rc2 Be6 28. Re2 h6 29. Nf3 Bc4 30. Rc2 Bd3 1/2-1/2

[Event "Madrid-ch Previa A 2014-2015"]
[Site "Madrid ESP"]
[Date "2015.02.04"]
[Round "3.9"]
[White "Lozano Sanchez, Jose Antonio"]
[Black "Gonzalez Recas, Fernando"]
[Result "1/2-1/2"]
[WhiteElo "1873"]
[BlackElo "1776"]
[PlyCount "62"]
[EventDate "2015.02.02"]
[EventType "swiss"]
[EventRounds "9"]
[EventCountry "ESP"]
[Source "lmi"]
[SourceDate "2015.02.02"]

1. e4 d6 2. Nf3 Nf6 3. Nc3 g6 4. Bc4 Nxe4 5. Bxf7+ Kxf7 6. Nxe4 Bg7 7. Nfg5+
Ke8 8. Qf3 Rf8 9. Qb3 d5 10. Nc5 Qd6 11. Nd3 h6 12. Nf3 b6 13. O-O Nc6 14. Nde1
Na5 15. Qa4+ Bd7 16. Qh4 Rf5 17. d3 g5 18. Qg3 Nb7 19. Rb1 e5 20. h4 e4 21. Nh2
Qxg3 22. fxg3 gxh4 23. dxe4 dxe4 24. gxh4 Ke7 25. Rxf5 Bxf5 26. Be3 Nd6 27. Nf1
Nc4 28. c3 Rd8 29. Nc2 c5 30. Kf2 Ne5 31. Ng3 Nd3+ 1/2-1/2

[Event "Madrid-ch Previa A 2014-2015"]
[Site "Madrid ESP"]
[Date "2015.02.04"]
[Round "3.10"]
[White "Jimenez Gonzalez, Marcos"]
[Black "Osorio Ramos, Francisco"]
[Result "1/2-1/2"]
[WhiteElo "1856"]
[BlackElo "1761"]
[PlyCount "44"]
[EventDate "2015.02.02"]
[EventType "swiss"]
[EventRounds "9"]
[EventCountry "ESP"]
[Source "lmi"]
[SourceDate "2015.02.02"]

1. d4 d5 2. c4 c6 3. Nf3 Nf6 4. e3 g6 5. Nc3 Bg7 6. Be2 O-O 7. O-O Be6 8. b3
Ne4 9. Bb2 Nxc3 10. Bxc3 h6 11. Qd2 Nd7 12. Ne1 Nf6 13. f3 Bf5 14. Nd3 Re8 15.
Rac1 Bxd3 16. Bxd3 e6 17. e4 Rc8 18. e5 Nd7 19. Rfd1 a6 20. c5 Kh7 21. Qc2 Nf8
22. Be1 f5 1/2-1/2

[Event "Madrid-ch Previa A 2014-2015"]
[Site "Madrid ESP"]
[Date "2015.02.04"]
[Round "3.11"]
[White "Clemares Marquerie, David"]
[Black "Baeza Escudero, Javier"]
[Result "0-1"]
[WhiteElo "1693"]
[BlackElo "1922"]
[PlyCount "68"]
[EventDate "2015.02.02"]
[EventType "swiss"]
[EventRounds "9"]
[EventCountry "ESP"]
[Source "lmi"]
[SourceDate "2015.02.02"]

1. e4 c5 2. Nf3 d6 3. d4 cxd4 4. Nxd4 Nf6 5. Nc3 a6 6. h3 e5 7. Nf3 h6 8. Be3
Be6 9. Qd2 Nbd7 10. Be2 Rc8 11. a3 b5 12. Rc1 Be7 13. O-O Nb6 14. Rfd1 Nc4 15.
Bxc4 Rxc4 16. Qd3 Qa8 17. Nd2 Rc8 18. Nb3 Bc4 19. Qd2 Nxe4 20. Nxe4 Qxe4 21.
Qa5 O-O 22. Nd2 Qb7 23. Nxc4 Rxc4 24. b3 Rc6 25. c4 Rfc8 26. cxb5 axb5 27. Rxc6
Rxc6 28. Rd5 Rc1+ 29. Bxc1 Qxd5 30. Qc3 e4 31. Be3 Bf6 32. Qb4 Be5 33. g3 Qd3
34. Kh2 Bc3 0-1

[Event "Madrid-ch Previa A 2014-2015"]
[Site "Madrid ESP"]
[Date "2015.02.04"]
[Round "3.12"]
[White "Morona Minguez, Miguel"]
[Black "Benitez Cadenas, Luis Miguel"]
[Result "1/2-1/2"]
[WhiteElo "1913"]
[BlackElo "1703"]
[PlyCount "81"]
[EventDate "2015.02.02"]
[EventType "swiss"]
[EventRounds "9"]
[EventCountry "ESP"]
[Source "lmi"]
[SourceDate "2015.02.02"]

1. e4 e6 2. d4 d5 3. Nc3 dxe4 4. Nxe4 Bd7 5. Nf3 Bc6 6. Bd3 Nd7 7. O-O Ngf6 8.
Ng3 Bxf3 9. Qxf3 c6 10. b3 Qa5 11. Bb2 Ba3 12. Bxa3 Qxa3 13. Rfe1 O-O 14. Nf1
Rfd8 15. Ne3 Nf8 16. Nc4 Qe7 17. c3 Qd7 18. Qg3 c5 19. Ne5 Qd6 20. Qf3 Rab8 21.
g4 Qd5 22. Qf4 cxd4 23. g5 N6d7 24. Qxf7+ Kh8 25. Bc4 Nxe5 26. Qxf8+ Rxf8 27.
Bxd5 exd5 28. Rxe5 dxc3 29. Rxd5 Rfd8 30. Rc5 Rbc8 31. Rxc8 Rxc8 32. Rc1 Kg8
33. Kf1 Kf7 34. Ke2 Kg6 35. f4 Kf5 36. Kf3 b5 37. a3 a5 38. b4 axb4 39. axb4
Rc4 40. h4 Rxf4+ 41. Kg3 1/2-1/2

[Event "Madrid-ch Previa A 2014-2015"]
[Site "Madrid ESP"]
[Date "2015.02.04"]
[Round "3.13"]
[White "Lopez Heras, Arturo"]
[Black "Martinez Miura, Enrique"]
[Result "1-0"]
[WhiteElo "1866"]
[BlackElo "1732"]
[PlyCount "139"]
[EventDate "2015.02.02"]
[EventType "swiss"]
[EventRounds "9"]
[EventCountry "ESP"]
[Source "lmi"]
[SourceDate "2015.02.02"]

1. d4 d5 2. c4 e6 3. e3 Nf6 4. Nc3 Be7 5. Nf3 O-O 6. b3 Bb4 7. Bd2 Re8 8. Bd3
Nbd7 9. O-O Bf8 10. Qc2 h6 11. Rfe1 c6 12. h3 e5 13. dxe5 Nxe5 14. Nxe5 Rxe5
15. Rad1 Re8 16. cxd5 Nxd5 17. Nxd5 Qxd5 18. e4 Qc5 19. Qb1 Be6 20. Be3 Qa5 21.
f4 Bc5 22. Kh1 Bxe3 23. Rxe3 Rad8 24. Rg3 f6 25. Qb2 Kh8 26. Qe2 Qc7 27. Rf1
Bg8 28. Qg4 Qd7 29. f5 Re7 30. Bc2 Qc7 31. Rd3 Rxd3 32. Bxd3 Qa5 33. Qe2 Qc3
34. Rf3 Qa1+ 35. Kh2 Qe5+ 36. g3 Bf7 37. Re3 Qd4 38. Kg2 Bh5 39. g4 Bf7 40. h4
c5 41. g5 Bh5 42. Qf2 b5 43. Qf4 Qb2+ 44. Kg3 Qc1 45. Bf1 Kg8 46. g6 Re5 47.
Qf2 c4 48. Re1 Qc3+ 49. Re3 Qc1 50. Re1 Qc3+ 51. Qe3 Qxe3+ 52. Rxe3 Rc5 53. Rc3
Kf8 54. bxc4 bxc4 55. Rxc4 Rxc4 56. Bxc4 Bd1 57. Kf4 Ke7 58. e5 fxe5+ 59. Kxe5
Bc2 60. a3 Bb1 61. Bd5 Bc2 62. Bc6 Bd3 63. a4 Bc2 64. a5 Bd3 65. Be4 Bc4 66.
Kd4 Bf1 67. Kc5 Kd7 68. f6 Bh3 69. fxg7 Be6 70. Bd5 1-0

[Event "Madrid-ch Previa A 2014-2015"]
[Site "Madrid ESP"]
[Date "2015.02.04"]
[Round "3.14"]
[White "Boni De Aristizabal, Marco"]
[Black "Lopez Oneto, Manuel"]
[Result "1-0"]
[WhiteElo "1723"]
[BlackElo "1855"]
[PlyCount "51"]
[EventDate "2015.02.02"]
[EventType "swiss"]
[EventRounds "9"]
[EventCountry "ESP"]
[Source "lmi"]
[SourceDate "2015.02.02"]

1. e4 Nf6 2. e5 Nd5 3. d4 d6 4. c4 Nb6 5. exd6 cxd6 6. d5 g6 7. Bd2 Bg7 8. Bc3
Bxc3+ 9. Nxc3 N8d7 10. Be2 Nf6 11. h3 O-O 12. Nf3 Bd7 13. Qd2 Kg7 14. g4 Qc8
15. b3 h5 16. Nd4 hxg4 17. hxg4 Rh8 18. O-O-O Qc5 19. Nf5+ Bxf5 20. gxf5 Qxf2
21. fxg6 fxg6 22. Rhg1 Rh3 23. Bd3 Qxd2+ 24. Rxd2 Rg8 25. Rxg6+ Kf7 26. Rxg8
1-0

[Event "Madrid-ch Previa A 2014-2015"]
[Site "Madrid ESP"]
[Date "2015.02.04"]
[Round "3.15"]
[White "Jimenez Jimenez, Darfo"]
[Black "Garcia Gonzalez, Pedro A"]
[Result "1-0"]
[WhiteElo "1668"]
[BlackElo "1823"]
[PlyCount "39"]
[EventDate "2015.02.02"]
[EventType "swiss"]
[EventRounds "9"]
[EventCountry "ESP"]
[Source "lmi"]
[SourceDate "2015.02.02"]

1. e4 e5 2. Nf3 Nc6 3. d4 exd4 4. Nxd4 Bc5 5. Be3 Qf6 6. Nb5 Bxe3 7. fxe3 Qh4+
8. g3 Qxe4 9. Nxc7+ Kd8 10. Nxa8 Qxh1 11. Nc3 Nf6 12. Qd6 Re8 13. O-O-O Qf3 14.
Nc7 Rxe3 15. N7d5 Ne7 16. Qc7+ Ke8 17. Nxe7 Kxe7 18. Qxc8 Qf2 19. Qc5+ Ke8 20.
Nd5 1-0